Catálogo

Soil and crop sensing for precision crop production / (Registro nro. 52341)

Detalles MARC
000 -LEADER
fixed length control field 01543cam a2200373 i 4500
001 - CONTROL NUMBER
control field 52341
003 - CONTROL NUMBER IDENTIFIER
control field Mx-PuUPA
005 - DATE AND TIME OF LATEST TRANSACTION
control field 20251108090357.0
008 - FIXED-LENGTH DATA ELEMENTS--GENERAL INFORMATION
fixed length control field 140415s2022 gw ad fr 000 0 eng d
020 ## - INTERNATIONAL STANDARD BOOK NUMBER
International Standard Book Number 9783030704346
024 7# - OTHER STANDARD IDENTIFIER
Source of number or code doi
Standard number or code 10.1007/978-3-030-70432-2
040 ## - CATALOGING SOURCE
Transcribing agency Mx-PuUPA
Original cataloging agency Mx-PuUPA
Language of cataloging spa
Modifying agency Mx-PuUPA
Description conventions rda
041 0# - LANGUAGE CODE
Language code of text/sound track or separate title eng
245 00 - TITLE STATEMENT
Title Soil and crop sensing for precision crop production /
Statement of responsibility, etc. Minzan Li, Chenghai Yang, Qin Zhang, editors
264 #1 - PRODUCTION, PUBLICATION, DISTRIBUTION, MANUFACTURE, AND COPYRIGHT NOTICE
Place of production, publication, distribution, manufacture Switzerland AG :
Name of producer, publisher, distributor, manufacturer Springer Nature,
Date of production, publication, distribution, manufacture, or copyright notice 2022
300 ## - PHYSICAL DESCRIPTION
Extent xi, 324 páginas :
Other physical details ilustraciones, gráficas, diagramas, tablas ;
Dimensions 24 cm
336 ## - CONTENT TYPE
Fuente rdacontent
Content type term texto
Content type code txt
336 ## - CONTENT TYPE
Fuente rdacontent
Content type term imagen fija
Content type code sti
337 ## - MEDIA TYPE
Source rdamedia
Media type term sin medio
Media type code n
338 ## - CARRIER TYPE
Source rdacarrier
Carrier type term volumen
Carrier type code nc
490 0# - SERIES STATEMENT
Series statement Africulture Automation and Control
650 #7 - SUBJECT ADDED ENTRY--TOPICAL TERM
Source of heading or term armarc
Topical term or geographic name entry element Agricultura de precisión
General subdivision Innovaciones tecnológicas
650 #7 - SUBJECT ADDED ENTRY--TOPICAL TERM
Source of heading or term armarc
Topical term or geographic name entry element Sensores remotos de suelos agrícolas
650 #7 - SUBJECT ADDED ENTRY--TOPICAL TERM
Source of heading or term armarc
Topical term or geographic name entry element Agricultura
General subdivision Innovaciones tecnológicas
650 #7 - SUBJECT ADDED ENTRY--TOPICAL TERM
Source of heading or term armarc
Topical term or geographic name entry element Cultivos
700 1# - ADDED ENTRY--PERSONAL NAME
Personal name Li, Minzan,
Relator term editor
9 (RLIN) 17681
700 1# - ADDED ENTRY--PERSONAL NAME
Personal name Yang, Chenghai,
Relator term editor
700 1# - ADDED ENTRY--PERSONAL NAME
Personal name Zhang, Qin,
Relator term editor
9 (RLIN) 7443
942 ## - ADDED ENTRY ELEMENTS (KOHA)
Source of classification or shelving scheme Dewey Decimal Classification
Koha item type Libro
Classification part 631.470286
Item part S68
Existencias
Withdrawn status Lost status Source of classification or shelving scheme Damaged status Not for loan Collection code Home library Current library Shelving location Date acquired Source of acquisition Cost, normal purchase price Total Checkouts Full call number Barcode Date last seen Cost, replacement price Price effective from Koha item type
    Dewey Decimal Classification     General Biblioteca Karol Wojtyla Biblioteca Karol Wojtyla Sala general 07/11/2025 2 3545.16   631.470286 S68 2022 106194 05/01/2026 3545.16 07/11/2025 Reserva permanente